Motorcycle Turbocharging, Supercharging &Nitrous Oxide : A Complete guide toforced Induction and its Use on Modern Motorcycle Engines

Enregistré dans:
Détails bibliographiques
Auteur principal: Haile, Joe (Auteur)
Format: Livre
Langue:anglais
Publié: North Conway : Whitehorse Press, 2000
Édition:1.
Tags: Ajouter un tag
Pas de tags, Soyez le premier à ajouter un tag!

MARC

LEADER 00000nam a22000003a 4500
001 stu60996
005 20150617225652.1
008 010807s2000----xxu-----------------eng-d
020 |a 1-884313-07-8 
040 |a STU  |b slo 
041 0 |a eng 
044 |a xxu 
080 |a 629.326(035) 
100 1 |a Haile, Joe  |4 aut 
245 1 |a Motorcycle Turbocharging, Supercharging &Nitrous Oxide :  |b A Complete guide toforced Induction and its Use on Modern Motorcycle Engines 
250 |a 1.  
260 |a North Conway :  |b Whitehorse Press,  |c 2000 
300 |a 198 s 
996 |b 284J004563  |c J*97860  |l JJK9  |s P  |a 0  |w stu60996_0001